The journals of Major-Gen C.G. Gordon, C.B., at Kartoum / (Record no. 154654)

MARC details
000 -LEADER
campo de control de longitud fija 00991nam a22001935i 4500
001 - NÚMERO DE CONTROL
campo de control 154654
003 - IDENTIFICADOR DE NÚMERO DE CONTROL
campo de control ES-MaACL
005 - FECHA Y HORA DE LA ÚLTIMA TRANSACCIÓN
campo de control 20230906205818.0
008 - DATOS DE LONGITUD FIJA--INFORMACIÓN GENERAL
campo de control de longitud fija 040715s1885 xxkabc |||| | eng d
040 ## - FUENTE DE CATALOGACIÓN
Centro catalogador/agencia de origen CAM
Lengua de catalogación spa
Centro/agencia transcriptor CAM
100 1# - ENTRADA PRINCIPAL--NOMBRE DE PERSONA
Nombre de persona Gordon, Charles George (
Fechas asociadas al nombre 1833-1885)
9 (RLIN) 59156
245 14 - MENCIÓN DEL TÍTULO
Título The journals of Major-Gen C.G. Gordon, C.B., at Kartoum /
Mención de responsabilidad, etc. printed from the original mss., introducing and notes by A. Egmont Hake.
260 ## - PUBLICACIÓN, DISTRIBUCIÓN, ETC.
Lugar de publicación, distribución, etc. London :
Nombre del editor, distribuidor, etc. Kegan Paul, Trench & Co.,
Fecha de publicación, distribución, etc. 1885 (
Fabricante Printed by William Clowes and Sons)
300 ## - DESCRIPCIÓN FÍSICA
Extensión 2 v. (LXV, 275 ; 276-587 p., [1] h. lám., [1] h. map., [1] h. map. pleg. :
Otras características físicas il.) ;
Dimensiones 23 cm.
599 #1 - NOTA A LAS ILUSTRACIONES
NOTA A LAS ILUSTRACIONES La h. de lám. lit., retrato del autor.
651 #4 - PUNTO DE ACCESO ADICIONAL DE MATERIA--NOMBRE GEOGRÁFICO
Nombre geográfico Jartum-
Subdivisión general Historia-
Subdivisión cronológica 1884-1885, Sitio-
Subdivisión de forma Relatos personales británicos.
9 (RLIN) 152800
700 1# - ENTRADA AGREGADA--NOMBRE PERSONAL
Nombre de persona Hake, A. Egmont.
9 (RLIN) 127763
852 ## - LOCALIZACIÓN
Ubicación ES-MaACL
Número de control de estantería G-11498-99
Nota libre -- Enc. ed. en tela roja
-- -- Al final del T. II hay 34 pp. correspondientes al catálogo de la Editorial Kegan Paul, Trench & Co.
Holdings
Estatus retirado Estado de pérdida Estado de daño No para préstamo Colección Biblioteca de origen Biblioteca actual Ubicación en estantería Fecha de adquisición Total de préstamos Signatura topográfica completa Código de barras Visto por última vez Precio de reemplazo Tipo de ítem Koha
        Libros del s. XIX Biblioteca del Ateneo de Madrid Biblioteca del Ateneo de Madrid Sala Pecera Planta 3 17/01/2008   G-11498-99 1161757 23/02/2023 23/02/2023 Libro impreso antiguo